[Event "Asia-Oceania Uni"]
[Site "Tornelo INT"]
[Date "2022.12.22"]
[Round "5"]
[White "Jones, Christopher"]
[Black "Dulguun, Altankhuyag"]
[Result "0-1"]
[WhiteElo "1021"]
[BlackElo "1810"]
[PlyCount "42"]
[EventDate "2022.12.21"]
[EventType "swiss (rapid)"]
[EventRounds "9"]
[EventCountry "NET"]
[SourceTitle "CBM 211 Extra"]
[Source "ChessBase"]
[SourceDate "2023.01.31"]
[SourceVersion "1"]
[SourceVersionDate "2023.01.31"]
[SourceQuality "1"]

1. e4 e5 2. Nf3 Nc6 3. Bb5 a6 4. Ba4 Nf6 5. c3 Be7 6. 0-0 b5 7. Bb3 0-0 8. Re1 d5 9. exd5 Nxd5 10. Nxe5 Nxe5 11. Rxe5 c6 12. d4 Bd6 13. Bxd5 Bxe5 14. Bxc6 Bxh2+ 15. Kh1 Qh4 16. Bxa8 Bg3+ 17. Kg1 Bxf2+ 18. Kf1 Re8 19. Bd2 Bg3 20. Be3 Rxe3 21. Qe2 Qh1# 0-1

[Event "Asia-Oceania Uni"]
[Site "Tornelo INT"]
[Date "2022.12.21"]
[Round "1"]
[White "Xu, Xiangyu"]
[Black "Dulguun, Altankhuyag"]
[Result "1-0"]
[WhiteElo "2578"]
[BlackElo "1810"]
[PlyCount "57"]
[EventDate "2022.12.21"]
[EventType "swiss (rapid)"]
[EventRounds "9"]
[EventCountry "NET"]
[SourceTitle "CBM 211 Extra"]
[Source "ChessBase"]
[SourceDate "2023.01.31"]
[SourceVersion "1"]
[SourceVersionDate "2023.01.31"]
[SourceQuality "1"]

1. d4 Nf6 2. c4 c5 3. Nf3 cxd4 4. Nxd4 g6 5. g3 Bg7 6. Bg2 0-0 7. Nc3 Nc6 8. 0-0 Nxd4 9. Qxd4 d6 10. Qd2 Rb8 11. b3 a6 12. a4 Be6 13. Bb2 Qc7 14. Rfd1 Rfd8 15. a5 b6 16. axb6 Rxb6 17. Ra3 Rdb8 18. Qc2 Bf5 19. e4 Bg4 20. Rda1 Be6 21. Ne2 h5 22. Nf4 Bc8 23. Bxf6 Bxf6 24. Nd5 Qc5 25. Ra5 Rb5 26. b4 Rxa5 27. Rxa5 Qc6 28. e5 Bf5 29. Qc3 1-0

[Event "Belt and Road Hunan op-C"]
[Site "Changsha"]
[Date "2019.08.02"]
[Round "8"]
[White "Sun, Jihan"]
[Black "Dulguun, Altankhuyag"]
[Result "1-0"]
[WhiteElo "1492"]
[BlackElo "1841"]
[PlyCount "27"]
[EventDate "2019.07.29"]
[EventType "swiss"]
[EventRounds "9"]
[EventCountry "CHN"]
[SourceTitle "EXT 2020"]
[Source "ChessBase"]
[SourceDate "2019.10.17"]
[SourceVersion "1"]
[SourceVersionDate "2019.10.17"]
[SourceQuality "1"]

1. e4 e5 2. Nf3 Nc6 3. Bc4 Nf6 4. d3 Be7 5. 0-0 0-0 6. c3 d6 7. Bb3 Bg4 8. h3 Bh5 9. Nbd2 Nd7 10. Re1 Bg5 11. g4 Bg6 12. Nxg5 Qxg5 13. Nf3 Qf6 14. Bg5 1-0

[Event "Belt and Road Hunan op-C"]
[Site "Changsha"]
[Date "2019.08.01"]
[Round "7"]
[White "Dulguun, Altankhuyag"]
[Black "Chen, Zhanyan"]
[Result "0-1"]
[WhiteElo "1841"]
[BlackElo "1712"]
[PlyCount "60"]
[EventDate "2019.07.29"]
[EventType "swiss"]
[EventRounds "9"]
[EventCountry "CHN"]
[SourceTitle "EXT 2020"]
[Source "ChessBase"]
[SourceDate "2019.10.17"]
[SourceVersion "1"]
[SourceVersionDate "2019.10.17"]
[SourceQuality "1"]

1. d4 Nf6 2. c4 e6 3. Nc3 Bb4 4. a3 Bxc3+ 5. bxc3 c5 6. e3 0-0 7. Bd3 Nc6 8. Ne2 d6 9. e4 e5 10. 0-0 b6 11. d5 Na5 12. Ng3 Ba6 13. Qe2 Qd7 14. Nf5 Ne8 15. a4 Kh8 16. f4 f6 17. Rf3 Nb3 18. Rb1 Nxc1 19. Rxc1 g6 20. Nh4 exf4 21. Rh3 Kg8 22. Rf1 Ng7 23. g4 Bc8 24. Ng2 Qxg4 25. Rhf3 g5 26. Qf2 Qh5 27. h4 Bg4 28. Be2 Bxf3 29. Bxf3 Qg6 30. Qe2 h5 0-1

[Event "Belt and Road Hunan op-C"]
[Site "Changsha"]
[Date "2019.07.30"]
[Round "3"]
[White "Dulguun, Altankhuyag"]
[Black "Yin, Tingwen"]
[Result "1-0"]
[WhiteElo "1841"]
[BlackElo "1571"]
[PlyCount "44"]
[EventDate "2019.07.29"]
[EventType "swiss"]
[EventRounds "9"]
[EventCountry "CHN"]
[SourceTitle "EXT 2020"]
[Source "ChessBase"]
[SourceDate "2019.10.17"]
[SourceVersion "1"]
[SourceVersionDate "2019.10.17"]
[SourceQuality "1"]

1. d4 Nf6 2. c4 e6 3. Nc3 Bb4 4. a3 Bxc3+ 5. bxc3 c5 6. e3 0-0 7. Bd3 d6 8. Ne2 b6 9. e4 Nc6 10. 0-0 a5 11. Ng3 Ba6 12. Qe2 Rc8 13. d5 Qd7 14. Bg5 Ne8 15. f4 Rc7 16. a4 Bc8 17. Rfd1 f6 18. Bh4 Qf7 19. e5 exd5 20. cxd5 c4 21. Bc2 fxe5 22. fxe5 Be6 1-0

[Event "Moscow op-F 15th"]
[Site "Moscow"]
[Date "2019.01.31"]
[Round "7"]
[White "Mamatov, Melis"]
[Black "Dulguun, Altankhuyag"]
[Result "1-0"]
[WhiteElo "2203"]
[BlackElo "1681"]
[PlyCount "81"]
[EventDate "2019.01.25"]
[EventType "swiss"]
[EventRounds "9"]
[EventCountry "RUS"]
[SourceTitle "CBM 188 Extra"]
[Source "ChessBase"]
[SourceDate "2019.02.26"]
[SourceVersion "1"]
[SourceVersionDate "2019.02.26"]
[SourceQuality "1"]

1. e4 e5 2. Nf3 Nc6 3. Bc4 Nf6 4. d3 d6 5. c3 h6 6. 0-0 g5 7. b4 g4 8. Ne1 Bg7 9. Qe2 Ne7 10. f4 exf4 11. Bxf4 Ng6 12. e5 Qe7 13. d4 dxe5 14. Bxe5 0-0 15. Bxf6 Bxf6 16. Qxe7 Bxe7 17. Nd3 Bd6 18. Nd2 Kg7 19. Ne4 Be7 20. Rae1 b6 21. Ng3 f5 22. Nf4 Bd6 23. Ngh5+ Kh7 24. Nd5 Nh8 25. Bd3 Kg6 26. Nhf4+ Kg5 27. g3 Bd7 28. Ne6+ Bxe6 29. Rxe6 a5 30. b5 h5 31. Nxb6 Rad8 32. Nc4 Ng6 33. Ne3 Ne7 34. Kg2 f4 35. gxf4+ Rxf4 36. Rxf4 Kxf4 37. c4 Bb4 38. Nc2 Rd7 39. c5 Bxc5 40. Re4+ Kg5 41. Re5+ 1-0

[Event "Moscow op-F 15th"]
[Site "Moscow"]
[Date "2019.01.29"]
[Round "5"]
[White "Teiitbaev, Aktilek"]
[Black "Dulguun, Altankhuyag"]
[Result "0-1"]
[WhiteElo "2229"]
[BlackElo "1681"]
[PlyCount "118"]
[EventDate "2019.01.25"]
[EventType "swiss"]
[EventRounds "9"]
[EventCountry "RUS"]
[SourceTitle "CBM 188 Extra"]
[Source "ChessBase"]
[SourceDate "2019.02.26"]
[SourceVersion "1"]
[SourceVersionDate "2019.02.26"]
[SourceQuality "1"]

1. e4 e5 2. Nf3 Nc6 3. Bb5 Nf6 4. d3 d6 5. Nc3 Bg4 6. h3 Bh5 7. Bg5 Be7 8. g4 Bg6 9. Qd2 a6 10. Ba4 b5 11. Bb3 Na5 12. h4 h5 13. Bxf6 Nxb3 14. axb3 Bxf6 15. g5 Be7 16. Nd5 c6 17. Nxe7 Qxe7 18. Qe3 c5 19. Nd2 0-0 20. Nf1 c4 21. bxc4 bxc4 22. dxc4 Qb7 23. Nd2 Qxb2 24. 0-0 Qb7 25. Rfb1 Qd7 26. Ra5 Rfc8 27. f3 Rc7 28. Kg2 Rb7 29. Rb6 Rxb6 30. Qxb6 Qe7 31. Nf1 f6 32. Ne3 fxg5 33. Nd5 Qf7 34. Qxd6 gxh4 35. Qxe5 h3+ 36. Kf2 Re8 37. Qf4 Qe6 38. Kg3 Rf8 39. Qg5 h2 40. Kxh2 Rxf3 41. Ne7+ Kh7 42. Qxg6+ Qxg6 43. Nxg6 Kxg6 44. Kg2 Rc3 45. c5 Kg5 46. c6+ Kg4 47. Rxa6 Rxc2+ 48. Kg1 Kg3 49. Kf1 Kf3 50. Kg1 Kxe4 51. Ra7 g5 52. c7 Kf3 53. Ra3+ Kg4 54. Ra7 Kg3 55. Ra3+ Kh4 56. Ra7 g4 57. Kf1 Kh3 58. Ke1 g3 59. Kd1 Rc5 0-1

[Event "Ulaanbaatar Ikh Nuudel op"]
[Site "Ulaanbaatar"]
[Date "2016.10.02"]
[Round "6"]
[White "Munkhzul, Davaakhuu"]
[Black "Dulguun, Altankhuyag"]
[Result "1-0"]
[WhiteElo "1808"]
[BlackElo "1574"]
[PlyCount "60"]
[EventDate "2016.09.29"]
[EventType "swiss"]
[EventRounds "9"]
[EventCountry "MGL"]
[SourceTitle "CBM 174 Extra"]
[Source "ChessBase"]
[SourceDate "2016.10.10"]
[SourceVersion "1"]
[SourceVersionDate "2016.10.10"]
[SourceQuality "1"]

1. e4 e5 2. Nf3 Nc6 3. Bb5 Nge7 4. c3 g6 5. d4 exd4 6. cxd4 Bg7 7. Nc3 0-0 8. 0-0 d5 9. e5 Bg4 10. Be2 Nf5 11. Be3 Nxe3 12. fxe3 Bh6 13. Qd3 Na5 14. e4 c6 15. h3 Be6 16. b3 Rc8 17. Rad1 Qe7 18. Nh2 Rfd8 19. Bg4 Qg5 20. Rf3 Bg7 21. Bxe6 fxe6 22. Ng4 h5 23. Nf6+ Kh8 24. Rg3 dxe4 25. Ncxe4 Qh6 26. Ng5 Rf8 27. Nxe6 Bxf6 28. Rxg6 Qh7 29. Nxf8 Rxf8 30. Rxf6 Rxf6 1-0

[Event "Ulaanbaatar Ikh Nuudel op"]
[Site "Ulaanbaatar"]
[Date "2016.10.01"]
[Round "4"]
[White "Chinguun, Sumiya"]
[Black "Dulguun, Altankhuyag"]
[Result "1/2-1/2"]
[WhiteElo "2054"]
[BlackElo "1574"]
[PlyCount "104"]
[EventDate "2016.09.29"]
[EventType "swiss"]
[EventRounds "9"]
[EventCountry "MGL"]
[SourceTitle "CBM 174 Extra"]
[Source "ChessBase"]
[SourceDate "2016.10.10"]
[SourceVersion "1"]
[SourceVersionDate "2016.10.10"]
[SourceQuality "1"]

1. e4 e5 2. Nf3 Nc6 3. Bc4 Nf6 4. d3 Be7 5. c3 d6 6. Bb3 0-0 7. Nbd2 h6 8. Nf1 Re8 9. Ng3 Bf8 10. 0-0 Ne7 11. Nh4 g5 12. Nh5 Nh7 13. Nf3 Bg4 14. Ng3 Ng6 15. h3 Bd7 16. Nh2 Nf6 17. Ng4 Nf4 18. Nf5 Bxf5 19. exf5 h5 20. Nxf6+ Qxf6 21. Bxf4 exf4 22. Qxh5 Qxf5 23. h4 d5 24. d4 c6 25. c4 Bg7 26. cxd5 cxd5 27. hxg5 Rad8 28. Rac1 Rc8 29. Ba4 Red8 30. Rce1 a6 31. Bd1 Rc7 32. Bg4 Qh7 33. Qxh7+ Kxh7 34. Rd1 Kg6 35. Rd2 Kxg5 36. Bf3 Rc4 37. b3 Rxd4 38. Rxd4 Bxd4 39. Rd1 Bf6 40. Rxd5+ Rxd5 41. Bxd5 b6 42. Bxf7 Bd4 43. Kf1 Kf5 44. Ke2 a5 45. Kf3 Bc5 46. a4 Bd4 47. Bc4 Bc5 48. Bd3+ Kg5 49. g3 fxg3 50. fxg3 Bg1 51. Be2 Bc5 52. Ke4 Bg1 1/2-1/2

[Event "Asia-ch U18"]
[Site "Ulaanbaatar"]
[Date "2016.04.06"]
[Round "1"]
[White "Krishna Teja, N."]
[Black "Dulguun, Altankhuyag"]
[Result "1-0"]
[WhiteElo "2233"]
[BlackElo "1595"]
[PlyCount "73"]
[EventDate "2016.04.06"]
[EventType "swiss"]
[EventRounds "9"]
[EventCountry "MGL"]
[SourceTitle "EXT 2017"]
[Source "ChessBase"]
[SourceDate "2016.10.25"]
[SourceVersion "1"]
[SourceVersionDate "2016.10.25"]
[SourceQuality "1"]

1. d4 Nf6 2. c4 g6 3. Nc3 Bg7 4. e4 d6 5. f3 0-0 6. Be3 e5 7. Nge2 Nc6 8. d5 Ne7 9. Qd2 Ne8 10. Bh6 f5 11. Bxg7 Nxg7 12. Qg5 f4 13. g3 Nh5 14. gxf4 Nxf4 15. Nxf4 Rxf4 16. h4 Kg7 17. Bg2 Bd7 18. Ne2 Rf7 19. 0-0-0 h6 20. Qg3 Ng8 21. f4 Kh7 22. h5 g5 23. fxe5 dxe5 24. Qxe5 Rf2 25. Rdf1 Qe8 26. Qxe8 Rxf1+ 27. Rxf1 Bxe8 28. Ng3 Kg7 29. e5 Ne7 30. d6 cxd6 31. exd6 Nc6 32. Nf5+ Kh7 33. Be4 Bxh5 34. Ng3+ Bg6 35. Rf7+ Kg8 36. Bxg6 Ne5 37. Rf6 1-0